000 00732cab a2200241 4500
001 WB3348-03
008 090401t1997 xxu||||| |||| 00| 0 eng d
035 _a(Sirsi) u82552
041 _aeng
245 _aPartnering scheme
260 _c1997
350 _a0
490 _aBuilding
_v262(8015) 5 December 1997, 10(1)
520 _aAsda is planning to extend its partnering scheme to its major subcontractors during 1998. The company has been partnering with its contractors and consultants since late 1995.
650 _aASDA
650 _aDEVELOPMENT PROGRAMMES
650 _aPARTNERING
650 _aPROJECT TEAMS
650 _aSUBCONTRACTORS
690 _aBUILT ENVIRONMENT
942 _n0
948 _c09/12/1997
999 _c52125
_d52125